Discourses on algebra

Saved in:
Bibliografiske detaljer
Hovedforfatter: Shafarevich, Igor R (Author)
Format: Bog
Sprog:engelsk
Udgivet: Berlín Springer 2002
Serier:Universitext
Fag:
Tags: Tilføj Tag
Ingen Tags, Vær først til at tagge denne postø!

MARC

LEADER 00000nam a2200000 a 4500
001 UCI4486
003 CL-VaPUC
008 080118e20020000GW |||||||||||||||||eng|d
020 |a 3540422536 
082 0 4 |a 512  |b SHA  |2 21 
100 0 |a Shafarevich, Igor R  |e author  |9 526405 
245 1 0 |a Discourses on algebra 
300 |a 276 p 
942 |c BK 
945 |d 20080118 00:00:00  |a jtorresc 
260 |a Berlín  |b Springer  |c 2002 
650 0 |a Matemática  |9 260235 
650 0 |a Álgebra  |9 259567 
650 0 |a Teoría de grupos   |9 270028 
650 0 |a Grupos finitos  |9 270201 
650 0 |a Discursos   |9 265028 
583 |a last modification  |c 20080118 00:00:00  |k Rodrigo Vera 
490 0 |a Universitext 
999 |c 328416  |d 328414 
952 |0 0  |1 0  |4 0  |6 512_000000000000000_SHA_2002  |7 0  |8 A  |9 412312  |a BIBMAT  |b BIBMAT  |d 2019-11-22  |i 4405439  |o 512 SHA 2002  |p 4405439  |r 2025-01-07  |w 2019-11-22  |y BK  |k MAT